Datum a čas kvízu
34.5
Celkem bodů
Celkový počet nahraných bodů na tomto kvízu bez doplňovacích otázek.
4.
Pořadí na kvízu
Konečné umístění týmu na tomto kvízu.
Zaznamenané odpovědi
| # | Otázka | Odpověď | Body | Výsledky |
|---|---|---|---|---|
| 1. | Společnost Staropramen minulý... | Pardubice | 1 | |
| 2. | V úterý překročil podle Organi... | 8 miliard | 1 | |
| 3. | Letošní vyhlašování hudebních... | Taylor Swift | 1 | |
| 4. | V úterý a ve středu se konal s... | Bali | 1 | |
| 5. | Cristiano Ronaldo a Lionel Mes... | Louis Vuitton | 1 | |
| 6. | Jméno Dukla je v českém prostř... | Ludvík Svoboda | 1 | |
| 7. | Nejslavnějším atletem Dukly Pr... | C | 0 | |
| 8. | Fotbalisté Dukly Praha na počá... | Ota Pavel | 0 | |
| 9. | Dvoudílný televizní film David... | Havířov | 0 | |
| 10. | Svatý Jan z Dukly byl františk... | Polsko | 0 |